| 000 | 01382cam a2200301 a 4500 | ||
|---|---|---|---|
| 999 |
_c332333 _d332333 |
||
| 001 | 4491172 | ||
| 003 | NUST | ||
| 005 | 20171124122111.0 | ||
| 008 | 970909s1998 flua b 001 0 eng | ||
| 010 | _a 97040553 | ||
| 020 | _a1566703131 (alk. paper) | ||
| 040 |
_aDLC _cDLC _dDLC |
||
| 050 | 0 | 0 |
_aTD196.C45 _bS87 1998 |
| 082 | 0 | 0 |
_a628.52 MER _221 |
| 245 | 0 | 0 |
_aSurvey of chemical spills countermeasures / _cEdited by Merv Fingas ... [et al. ; prepared by Emergencies Science Division of Environment Canada]. |
| 246 | 3 | 0 | _aChemical spills countermeasures |
| 260 |
_aBoca Raton, Fla. : _bLewis Publishers, _cc1998. |
||
| 300 |
_a341 p. : _bill. ; _c29 cm. |
||
| 500 | _aH.B | ||
| 504 | _aIncludes bibliographical references and indexes. | ||
| 650 | 0 |
_aChemical spills _xManagement. _96772 |
|
| 700 | 1 |
_aFingas, Mervin F. _96773 |
|
| 710 | 2 |
_aEnvironmental Technology Centre (Canada). _bEmergencies Science Division. _96774 |
|
| 856 | 4 | 2 |
_3Publisher description _uhttp://www.loc.gov/catdir/enhancements/fy0744/97040553-d.html |
| 906 |
_a7 _bcbc _corignew _d1 _eocip _f19 _gy-gencatlg |
||
| 942 |
_2ddc _cBK _kIESE |
||